书目信息 |
| 题名: |
月亮宝石
|
|
| 作者: | 柯林斯 著 ;何晓茵 翻译 ;Sparknotes 导读 | |
| 分册: | ||
| 出版信息: | 天津 天津科技翻译出版公司 2009.01 |
|
| 页数: | 256页 | |
| 开本: | 21cm | |
| 丛书名: | 哈佛蓝星双语名著导读 | |
| 单 册: | ||
| 中图分类: | H319.4:I | |
| 科图分类: | ||
| 主题词: | 英语--ying yu--汉语--对照读物 , 侦探小说--zhen tan xiao shuo--英国--现代 | |
| 电子资源: | ||
| ISBN: | 978-7-5433-2348-3 | |
| 000 | 01250nam 2200313 450 | |
| 001 | 012009040444 | |
| 005 | 20090621171503.04 | |
| 010 | @a978-7-5433-2348-3@dCNY16.00 | |
| 100 | @a20090621d2009 em y0chiy0120 ea | |
| 101 | 2 | @achi@aeng@ceng |
| 102 | @aCN@b120000 | |
| 105 | @ay z 000yy | |
| 106 | @ar | |
| 200 | 1 | @a月亮宝石@Ayue liang bao shi@d= The moonstone@f(英) Wilkie Collins原著@F(ying)Wilkie Collins yuan zhu@gSparknotes导读@GSparknotes dao du@g何晓茵翻译@Ghe xiao yin fan yi@zeng |
| 210 | @a天津@c天津科技翻译出版公司@d2009.01 | |
| 215 | @a256页@d21cm | |
| 225 | 2 | @a哈佛蓝星双语名著导读@Aha fo lan xing shuang yu ming zhu dao du |
| 314 | @a责任者规范汉译姓 : 柯林斯 | |
| 330 | @a本系列书是全美最风行的经典名著导读笔记,由哈佛学生们融会名著阅读和文学学习精华,亲笔撰写而成。本书内容包括: 来龙·去脉、情节·览、角色·亮相等。 | |
| 410 | 0 | @12001 @a哈佛蓝星双语名著导读 |
| 510 | 1 | @aMoonstone@zeng |
| 606 | 0 | @a英语@Aying yu@x汉语@j对照读物 |
| 606 | 0 | @a侦探小说@Azhen tan xiao shuo@y英国@z现代 |
| 690 | @aH319.4:I@v4 | |
| 701 | 1 | @a柯林斯@Ake lin si@g(Collins, Wilkie)@4著 |
| 702 | 0 | @a何晓茵@Ahe xiao yin@4翻译 |
| 712 | 02 | @aSparknotes@4导读 |
| 801 | 0 | @aCN@bQSSK@c20090621 |
| 905 | @b746214-18@dH319.4:I@eK396@f5 | |
| 月亮宝石= The moonstone/(英) Wilkie Collins原著/Sparknotes导读/何晓茵翻译.-天津:天津科技翻译出版公司,2009.01 |
| 256页;21cm.-(哈佛蓝星双语名著导读) |
| ISBN 978-7-5433-2348-3:CNY16.00 |
| 本系列书是全美最风行的经典名著导读笔记,由哈佛学生们融会名著阅读和文学学习精华,亲笔撰写而成。本书内容包括: 来龙·去脉、情节·览、角色·亮相等。 |
| ● |
| 相关链接 |
|
|
|
正题名:月亮宝石
索取号:H319.4:I/K396
 
预约/预借
| 序号 | 登录号 | 条形码 | 馆藏地/架位号 | 状态 | 备注 |
| 1 | 746214 | 207462146 | 语言库209/209语言库 53排7列3层/ [索取号:H319.4:I/K396] | 在馆 | |
| 2 | 746215 | 207462155 | 语言库209/209语言库 53排7列3层/ [索取号:H319.4:I/K396] | 在馆 | |
| 3 | 746216 | 207462164 | 语言库209/209语言库 53排7列3层/ [索取号:H319.4:I/K396] | 在馆 | |
| 4 | 746217 | 207462173 | 语言库209/209语言库 53排7列3层/ [索取号:H319.4:I/K396] | 在馆 | |
| 5 | 746218 | 207462182 | 语言库209/209语言库 53排7列3层/ [索取号:H319.4:I/K396] | 在馆 |